| 000 | 00478nam a2200181 a 4500 | ||
|---|---|---|---|
| 020 | _a3895080802 | ||
| 040 | _cDLC | ||
| 082 | _a709 KON 1995 A086 Or. | ||
| 100 | 1 | _aMeyer, Anthony J. P., | |
| 245 | 1 | 0 | _aOceanic art = Ozeanische Kunst = Art océanien / |
| 246 | 3 | 1 | _aOzeanische Kunst |
| 246 | 3 | 1 | _aArt océanien |
| 260 |
_aKöln : _bKonemann, _cc1995. |
||
| 300 |
_a2 v. (640 p.) : _bcol. ill. ; _c32 cm. |
||
| 650 | 0 | _aArt | |
| 700 | 1 | _aWipperfürth, Olaf. | |
| 942 | _cFB | ||
| 999 |
_c12865 _d12865 |
||